<?xml version="1.0" encoding="UTF-8"?>
<marc:record xmlns:marc="http://www.loc.gov/MARC21/slim">
   <marc:leader>00000nam a2200000 a 4500</marc:leader>
   <marc:datafield ind1="1" ind2=" " tag="100">
      <marc:subfield code="a">McFarlane, Luke</marc:subfield>
   </marc:datafield>
   <marc:datafield ind1="1" ind2=" " tag="100">
      <marc:subfield code="a">Munro, Lochlyn</marc:subfield>
   </marc:datafield>
   <marc:datafield ind1="1" ind2=" " tag="100">
      <marc:subfield code="a">King, Jamie</marc:subfield>
   </marc:datafield>
   <marc:datafield ind1="1" ind2=" " tag="100">
      <marc:subfield code="a">Winning, David</marc:subfield>
   </marc:datafield>
   <marc:datafield ind1="1" ind2=" " tag="100">
      <marc:subfield code="a">Evans, Richard Paul</marc:subfield>
   </marc:datafield>
   <marc:datafield ind1="0" ind2="0" tag="245">
      <marc:subfield code="a">Mein Fake-Date [Darst.]</marc:subfield>
   </marc:datafield>
   <marc:datafield ind1="0" ind2="0" tag="245">
      <marc:subfield code="c">Richard Paul Evans. Darsteller: Jamie King, Luke McFarlane, Lochlyn Munro. Regie: David Winning</marc:subfield>
   </marc:datafield>
   <marc:datafield ind1=" " ind2="1" tag="264">
      <marc:subfield code="b">TIBERIUS FILM GMBH &amp; CO. KG</marc:subfield>
      <marc:subfield code="c">2017</marc:subfield>
   </marc:datafield>
   <marc:datafield ind1="1" ind2=" " tag="520">
      <marc:subfield code="a">In der hektischen Vorweihnachtszeit lernt Elise den attraktiven Nick kennen. Beide haben etwas gemeinsam: Sie hassen die bevorstehenden Festlichkeiten, bei denen sie ständig nach einem Partner gefragt werden. Elise ist gerade wieder solo und hat keine Lust auf eine Beziehung. Nick möchte Partner in seiner Kanzlei werden und braucht eine Frau an seiner Seite für die Weihnachtsfeier. Was liegt da näher? Sie vereinbaren ein Fake-Date: Sie wollen zusammen das Paar spielen und gehen endlich allen lästigen Fragen ihrer Freunde, Kollegen und der Familie aus dem Weg. Doch schnell merken sie, dass Weihnachten zusammen ziemlich viel Spaß macht und sich aus ihrer Geschäftsbeziehung langsam etwas mehr entwickelt.</marc:subfield>
   </marc:datafield>
   <marc:datafield ind1=" " ind2=" " tag="020">
      <marc:subfield code="a">4041658122511</marc:subfield>
      <marc:subfield code="9">4041658122511</marc:subfield>
   </marc:datafield>
   <marc:datafield ind1=" " ind2=" " tag="500">
      <marc:subfield code="a">Deutsch, Englisch.</marc:subfield>
   </marc:datafield>
   <marc:datafield ind1="0" ind2=" " tag="490">
      <marc:subfield code="v">0</marc:subfield>
   </marc:datafield>
   <marc:datafield ind1=" " ind2=" " tag="300">
      <marc:subfield code="a">1 DVD (84 Min., Ländercode 2): farbig</marc:subfield>
   </marc:datafield>
</marc:record>
